(Khmer) A stroll through Phnom Penh National Museum / (Record no. 49911)
| 000 -LEADER | |
|---|---|
| fixed length control field | 00372nam a22001097a 4500 |
| 008 - FIXED-LENGTH DATA ELEMENTS--GENERAL INFORMATION | |
| fixed length control field | 251210b |||||||| |||| 00| 0 eng d |
| 245 ## - TITLE STATEMENT | |
| Title | (Khmer) A stroll through Phnom Penh National Museum / |
| Statement of responsibility, etc | Marie Caillat. Sun Heng Meng. |
| 260 ## - PUBLICATION, DISTRIBUTION, ETC. (IMPRINT) | |
| Place of publication, distribution, etc | Cambodia: |
| 300 ## - PHYSICAL DESCRIPTION | |
| Extent | 48 p. |
| Other physical details | col. ill. |
| 650 ## - SUBJECT ADDED ENTRY--TOPICAL TERM | |
| Topical term or geographic name as entry element | Museum. Sculpture, Khmer -- Cambodia -- Phnom Penh. |
| 9 (RLIN) | 83961 |
| 942 ## - ADDED ENTRY ELEMENTS (KOHA) | |
| Source of classification or shelving scheme | |
| Item type | Book |
| Withdrawn status | Lost status | Source of classification or shelving scheme | Damaged status | Not for loan | Collection code | Home library | Current library | Date acquired | Total Checkouts | Full call number | Barcode | Date last seen | Date last borrowed | Price effective from | Koha item type |
|---|---|---|---|---|---|---|---|---|---|---|---|---|---|---|---|
| Siem Riep | Asian Hope Siem Reap | Asian Hope Siem Reap | 12/10/2025 | 1 | KHMER 959.6 CAI | 209679 | 04/09/2026 | 04/02/2026 | 12/10/2025 | Book |